| 000 | 00413nam a2200145Ia 4500 | ||
|---|---|---|---|
| 005 | 20250424120231.0 | ||
| 008 | 250424s9999 xx 000 0 und d | ||
| 022 | _a21671710 | ||
| 050 | _aT 58.5 .C66/ | ||
| 245 | 0 | _aComputing information systems development informatics & allied research journal. | |
| 260 | _bPublication of the AFRICAN | ||
| 260 | _c2014 | ||
| 300 | _aiii, 92 p. : ill ; 29 cm. | ||
| 942 | _cSR | ||
| 999 |
_c38143 _d38143 |
||